LEADER 01247nam a2200313 u 4500 001 000000030182 003 CaOOAMICUS 005 20070226112011.0 008 970910s1992 it u000 u ita u 020 $a8810205561 035 $a10768981 040 $aPUL(R)$bita 041 0 $aita$hger 100 1 $aBaldermann, Ingo.$0(OLS)http://pul/name/24362 240 10$aEinführung in die Bibel.$0(OLS)http://pul/title/41430 245 10$aIntroduzione alla Bibbia /$cIngo Baldermann. 260 $aBologna :$bEd. Dehoniane,$cc1992. 300 $a222 p. ;$c24 cm 490 1 $aLettura pastorale della Bibbia ;$v22 500 $a"Titolo originale : Einführung in die Bibel. Traduzione di Enzo Gatti". 700 1 $aGatti, Enzo.$0(OLS)http://pul/name/12204 830 0$aLettura pastorale della Bibbia ;$v22.$0(OLS)http://pul/title/27141 850 $aPUL 852 $aPUL$W1$xSL Religione 1$y3$m5 C 92$j41707$nBK-PRI$b $qStampati$B41707$CPULBib$Z2$F41707 $H $81 941 1 $a8 961 $aINV: 69454 996 $6020$a8810205561$9(OLS)http://pul/number/37877 996 $6245$aIntroduzione alla Bibbia$9(OLS)http://pul/title/41431 996 $6260$aBologna :$bEd. Dehoniane$9(OLS)http://pul/publisher/48282 LEADER 01077nam a2200253 a 4500 001 000000137185 003 CaOOAMICUS 005 20140129113930.0 008 140129s1951 fr u000 u fre r 040 $aPUL$bita 100 1 $aMaritain, Jacques,$d1882-1973.$0(OLS)http://pul/name/868 245 10$aNeuf leçons sur les notions premières de la philosophie morale /$cJacques Maritain. 260 $aParis :$bchez Pierre Tequi,$c[1951] 300 $a194 p. ;$c24 cm 490 1 $aCours et documents. Philosophie. Théologie 504 $aBibliografia in nota. 650 4$aFilosofia morale$zFrancia$ySec. XX.$0(OLS)http://pul/subject/37128 830 0$aCours et documents.$pPhilosophie. Théologie.$0(OLS)http://pul/title/173671 850 $aPUL 852 $aPUL$W1$xDP1 Fondo E. Rossi$y115$m5 A 37$j158189$qFondi$B157657$CPULBib$Z2$F157657 $82 941 1 $a1 996 $6245$aNeuf leçons sur les notions premières de la philosophie morale$9(OLS)http://pul/title/173670 996 $6260$aParis :$bchez Pierre Tequi$9(OLS)http://pul/publisher/71072